• 首页
  • 本馆介绍
  • 公告通知
  • 最新文献
  • 馆藏检索
  • 电子资源
  • 读者导购
  • 参考咨询
  • 我的图书馆
  • 登录
  • 详细信息显示
  • 放入我的书架
  • 预约/预借图书
  • 作者相关作品
  • 分类相关作品
  • 丛书相关作品
  • 出版社相关作品

书目信息

  • 表格格式
  • 工作单格式
  • 卡片格式
题名:
中国自然地理
    
 
作者: ;中国科学院《中国自然地理》编辑委员会 编
分册: 上册  
出版信息: 北京   科学出版社  1984.11
页数: 262页
开本: 26cm
丛书名:
单 册:
中图分类: P531
科图分类:
主题词: 古地理学
电子资源:
ISBN:
000 00733nam0 2200229 45
001 0186010778
005 20041221154652.7
010    @dCNY2.70
091    @a13031.2704
100    @a19900818d1984 emky0chiy0121 ea
101 0  @achi
102    @aCN@b110000
105    @af z 000yy
200 10 @a中国自然地理@Azhong guo zi ran di li@e古地理@h上册@f中国科学院《中国自然地理》编辑委员会编@FZhong Guo Ke Xue Yuan《Zhong Guo Zi Ran Di Li》Bian Ji Wei Yuan Hui Bian
210    @a北京@c科学出版社@d1984.11
215    @a262页@c图@d26cm
606    @a古地理学
690    @aP531@v3
711 02 @a中国科学院《中国自然地理》编辑委员会@4编
801  0 @aCN@b深圳图书馆@c20040524
801  2 @aCN@bNLC@c20040524
905    @dP531@e21:1@f1@b125638
    
    中国自然地理:古地理.上册/中国科学院《中国自然地理》编辑委员会编.-北京:科学出版社,1984.11
    262页:图;26cm
    
    
    ISBN :CNY2.70
    
●
相关链接 在E读中查询图书 在五车中查询图书 在当当中查询图书 在豆瓣中查询图书


正题名:中国自然地理     索取号:P531/21:1         预约/预借

序号 登录号 条形码 馆藏地/架位号 状态 备注
1 0125638   001977436   第三借阅区/ [索取号:P531/21:1] 在馆    
2 0125639   202108334   第二样本阅览室/ [索取号:P531/21:1] 在馆    
唐山师范学院图书馆 欢迎您!
大连网信软件有限公司© 版权所有